| 000 | 01109cam a22001934a 4500 | ||
|---|---|---|---|
| 005 | 20250605164403.0 | ||
| 008 | 250528s ||||||||||||||||||||||||d | ||
| 035 | _a24707 | ||
| 040 |
_aGR-AtMCL _bgre _dGR-AtMCL _eAACR2 |
||
| 245 | 1 | _aΗθική / Περιοδικό Φιλοσοφίας | |
| 260 |
_bΤμήμα Φιλοσφίας Παιδαγωγικής Ψυχολογίας Πανεπιστημίου Αθηνών, _c2008 |
||
| 300 | _a74 | ||
| 520 | _aΠαθητική Ευθανασία και Βιοηθική: Η Ηθική Σκοποθεσία στις Περιπτώσεις Απόσυρσης Θεραπείας, Ινδουιστική Ηθική: Η Προσέγγιση των Sankara και Gandhi - Ηθικός Σχετικισμός, Η Άμβλωση στο Πλαίσιο της Διαπολιτισμικής Ηθικής, Θέματα Ιατρικής Ηθικής και Δεοντολογίας στην Αναγέννηση. | ||
| 700 | 1 |
_aΠολίτης Γιώργος Ν _99508 |
|
| 942 | _cCR | ||
| 999 |
_c9573 _d9573 |
||